000 00325nam a2200133Ia 4500
005 20251222143109.0
008 251222s9999||||xx |||||||||||||| ||spa||
020 _a950-808-403-0
082 _a155.43/G49
100 _aGiraldi, Graciela M.
245 0 _aEl NiƱo en la Encrucijada:
264 _bHomo Sapiens
942 _cLIB
999 _c11113
_d11113